[Event "Zonal 2.4 Brasil 2011"]
[Site "Rio de Janeiro BRA"]
[Date "2011.06.23"]
[Round "5.26"]
[White "Suasnabar, Jesus"]
[Black "Ferreira, Jose Carlos"]
[Result "1-0"]
[WhiteElo "1983"]
[BlackElo "1960"]
[PlyCount "53"]
[EventDate "2011.06.18"]
[EventType "swiss"]
[EventRounds "9"]
[EventCountry "BRA"]
[Source "lmi"]
[SourceDate "2011.06.18"]

1. d4 Nf6 2. Nf3 b6 3. e3 Bb7 4. Bd3 e6 5. Nbd2 c5 6. O-O Be7 7. e4 cxd4 8.
Nxd4 d6 9. Qe2 Nbd7 10. b4 O-O 11. f4 Qb8 12. Bb2 Re8 13. Rad1 e5 14. Nf5 Bf8
15. Bb5 g6 16. fxe5 dxe5 17. Ne3 Bg7 18. Nd5 Bxd5 19. exd5 Qd6 20. Bc6 Rad8 21.
Qb5 a6 22. Nc4 axb5 23. Nxd6 Rf8 24. Nxb5 Nb8 25. Bxe5 Nxc6 26. dxc6 Rd5 27. c4
1-0

[Event "Zonal 2.4 Brasil 2011"]
[Site "Rio de Janeiro BRA"]
[Date "2011.06.23"]
[Round "6.2"]
[White "Cordova, Emilio"]
[Black "Matsuura, Everaldo"]
[Result "1/2-1/2"]
[WhiteElo "2561"]
[BlackElo "2480"]
[PlyCount "94"]
[EventDate "2011.06.18"]
[EventType "swiss"]
[EventRounds "9"]
[EventCountry "BRA"]
[Source "lmi"]
[SourceDate "2011.06.18"]

1. d4 d5 2. Nf3 Nf6 3. c4 e6 4. e3 c5 5. Nc3 Nc6 6. a3 cxd4 7. exd4 dxc4 8.
Bxc4 Be7 9. O-O O-O 10. Bg5 b6 11. Qd3 Bb7 12. Rad1 Rc8 13. Ba2 Nd5 14. Nxd5
Bxg5 15. Nc3 Bf6 16. d5 Ne5 17. Nxe5 Bxe5 18. dxe6 Qxd3 19. Rxd3 Ba6 20. Rf3
Bxf1 21. Kxf1 Bxc3 22. bxc3 Rc7 23. exf7+ Kh8 24. Re3 g6 25. g4 Kg7 26. h4 Rc5
27. a4 a5 28. Be6 Rxf7 29. Bxf7 Kxf7 30. Rf3+ Kg7 31. Rd3 Rc4 32. Rd7+ Kg8 33.
f3 Rxc3 34. Kf2 Rc4 35. Rb7 Rxa4 36. Rxb6 Rc4 37. Ra6 a4 38. Kg3 Rb4 39. g5 Rc4
40. Ra8+ Kg7 41. Ra7+ Kg8 42. f4 Rb4 43. Kg4 Rc4 44. Ra6 Kg7 45. Kf3 Rb4 46.
Ke3 Rc4 47. Rb6 Rc5 1/2-1/2

[Event "Zonal 2.4 Brasil 2011"]
[Site "Rio de Janeiro BRA"]
[Date "2011.06.23"]
[Round "6.3"]
[White "Di Berardino, Diego Rafael"]
[Black "Molina, Roberto Junio Brito"]
[Result "1/2-1/2"]
[WhiteElo "2480"]
[BlackElo "2406"]
[PlyCount "119"]
[EventDate "2011.06.18"]
[EventType "swiss"]
[EventRounds "9"]
[EventCountry "BRA"]
[Source "lmi"]
[SourceDate "2011.06.18"]

1. d4 d5 2. c4 e6 3. Nc3 Be7 4. cxd5 exd5 5. Bf4 c6 6. e3 Bf5 7. Nge2 Nd7 8.
Ng3 Bg6 9. Be2 Nf8 10. Nh5 Ne6 11. Bg3 Nf6 12. Nxf6+ Bxf6 13. O-O Be7 14. Bd3
Bxd3 15. Qxd3 O-O 16. Rab1 Qd7 17. b4 Rfd8 18. Rfd1 Rac8 19. a4 a6 20. b5 axb5
21. axb5 cxb5 22. Nxb5 Rc4 23. Rb3 Bb4 24. Na3 Rdc8 25. Qb1 Bxa3 26. Rxa3 Ng5
27. f3 h5 28. Ra2 Qe7 29. Bf2 h4 30. h3 Qf6 31. Qxb7 Nxf3+ 32. gxf3 Qxf3 33.
Rf1 R4c7 34. Qb5 Qxh3 35. Qxd5 Rc6 36. Bxh4 Rg6+ 37. Rg2 Rxg2+ 38. Qxg2 Qxh4
39. Rxf7 Kxf7 40. Qb7+ Qe7 41. Qxc8 Qxe3+ 42. Kg2 Qxd4 43. Qf5+ Qf6 44. Qd7+
Kg6 45. Qe8+ Kh6 46. Qb8 Qf5 47. Kg3 Qd3+ 48. Kg4 Qe2+ 49. Kg3 Qe3+ 50. Kg4
Qg1+ 51. Kh3 Qe3+ 52. Kg4 Qe4+ 53. Kg3 Qd3+ 54. Kg4 Qd4+ 55. Kg3 Kg5 56. Qb5+
Kf6 57. Qc6+ Kf5 58. Qb5+ Kg6 59. Qe8+ Kh6 60. Qb8 1/2-1/2

[Event "Zonal 2.4 Brasil 2011"]
[Site "Rio de Janeiro BRA"]
[Date "2011.06.23"]
[Round "6.4"]
[White "Quintiliano Pinto, Renato R"]
[Black "El Debs, Felipe De Cresce"]
[Result "0-1"]
[WhiteElo "2259"]
[BlackElo "2497"]
[PlyCount "90"]
[EventDate "2011.06.18"]
[EventType "swiss"]
[EventRounds "9"]
[EventCountry "BRA"]
[Source "lmi"]
[SourceDate "2011.06.18"]

1. d4 d5 2. c4 c6 3. Nf3 Nf6 4. Qc2 dxc4 5. Qxc4 Bg4 6. Nbd2 Nbd7 7. g3 Qc7 8.
Bg2 e5 9. h3 Be6 10. Qc2 Rd8 11. O-O Bd6 12. Nc4 Bxc4 13. Qxc4 O-O 14. Bg5 h6
15. Bxf6 Nxf6 16. dxe5 Bxe5 17. Nxe5 Qxe5 18. Qb4 Rd7 19. e3 Rfd8 20. Bf3 c5
21. Qc4 b6 22. b4 cxb4 23. Qxb4 Nd5 24. Qb5 Qf6 25. Bg4 Rc7 26. Rad1 Nc3 27.
Rxd8+ Qxd8 28. Qb3 Qd2 29. a3 Rc5 30. Qb4 Qd6 31. Kg2 a5 32. Qb2 b5 33. Bf3 Rc4
34. Rc1 Qc5 35. Qd2 Qxa3 36. Qd8+ Kh7 37. Qd3+ g6 38. Bd5 Qxc1 39. Bxf7 Ne4 40.
Bg8+ Kxg8 41. Qd8+ Kf7 42. Qd7+ Kf6 43. Qd8+ Ke6 44. Qe8+ Kd6 45. Qf8+ Kd5 0-1

[Event "Zonal 2.4 Brasil 2011"]
[Site "Rio de Janeiro BRA"]
[Date "2011.06.23"]
[Round "6.5"]
[White "Bittencourt, Jorge"]
[Black "Teixeira, Ricardo Da Silva"]
[Result "1-0"]
[WhiteElo "2446"]
[BlackElo "2292"]
[PlyCount "89"]
[EventDate "2011.06.18"]
[EventType "swiss"]
[EventRounds "9"]
[EventCountry "BRA"]
[Source "lmi"]
[SourceDate "2011.06.18"]

1. d4 e6 2. c4 f5 3. g3 Nf6 4. Bg2 d5 5. Nh3 c6 6. Qc2 Bd6 7. O-O O-O 8. Nd2
Ne4 9. Nf3 Nd7 10. Bf4 Be7 11. Ne5 g5 12. Nxd7 Bxd7 13. Be5 Nd6 14. cxd5 exd5
15. Nxg5 Nc4 16. Nf3 Nxe5 17. Nxe5 f4 18. Qb3 Bc8 19. gxf4 Kh8 20. Qe3 Bd6 21.
Bh3 Qf6 22. Bxc8 Raxc8 23. Kh1 Qxf4 24. Qxf4 Rxf4 25. e3 Rf5 26. Nd3 b6 27. b4
Rh5 28. Kg2 Rxh2+ 29. Kf3 Rh6 30. Rfc1 Be7 31. Ke2 Rf8 32. Rc2 Re6 33. Rac1
Rff6 34. a3 Kg7 35. Ne5 c5 36. bxc5 bxc5 37. Rg1+ Kh8 38. Nd7 Rf5 39. Nxc5 Rc6
40. Rgc1 h5 41. a4 h4 42. Nd3 Rxc2+ 43. Rxc2 Rf6 44. Nf4 Rd6 45. Rc7 1-0

[Event "Zonal 2.4 Brasil 2011"]
[Site "Rio de Janeiro BRA"]
[Date "2011.06.23"]
[Round "6.6"]
[White "Condori, Edwin"]
[Black "Macedo, Maximo Iack"]
[Result "1/2-1/2"]
[WhiteElo "2159"]
[BlackElo "2314"]
[PlyCount "22"]
[EventDate "2011.06.18"]
[EventType "swiss"]
[EventRounds "9"]
[EventCountry "BRA"]
[Source "lmi"]
[SourceDate "2011.06.18"]

1. c4 e6 2. g3 Nf6 3. Bg2 d5 4. Nf3 dxc4 5. Qa4+ Nbd7 6. Qxc4 c5 7. O-O a6 8.
Qc2 Be7 9. b3 O-O 10. Bb2 Nd5 11. Nc3 Nb4 1/2-1/2

[Event "Zonal 2.4 Brasil 2011"]
[Site "Rio de Janeiro BRA"]
[Date "2011.06.23"]
[Round "6.7"]
[White "Ferreira, Kleber Victor"]
[Black "Toth, Christian Endre"]
[Result "0-1"]
[WhiteElo "2099"]
[BlackElo "2366"]
[PlyCount "96"]
[EventDate "2011.06.18"]
[EventType "swiss"]
[EventRounds "9"]
[EventCountry "BRA"]
[Source "lmi"]
[SourceDate "2011.06.18"]

1. f4 d5 2. Nf3 g6 3. e3 Bg7 4. Be2 Nf6 5. d3 c6 6. O-O Qb6 7. Kh1 Ng4 8. d4
O-O 9. c4 Nf6 10. Nc3 Bf5 11. b3 Nbd7 12. Bd3 Qa5 13. Qc2 e6 14. Bd2 Bxd3 15.
Qxd3 Qc7 16. c5 b5 17. b4 a5 18. a3 Ra7 19. Ne5 Rfa8 20. Nxd7 Qxd7 21. Ne2 Ne4
22. Be1 axb4 23. Bxb4 f5 24. Nc3 Bf6 25. Nxe4 dxe4 26. Qb3 Bd8 27. g4 fxg4 28.
f5 Qd5 29. Qxd5 exd5 30. fxg6 hxg6 31. Rf4 Rf7 32. Raf1 Rxf4 33. Rxf4 Kg7 34.
Rxg4 Ba5 35. h4 Kf6 36. Rf4+ Ke6 37. Rg4 Bxb4 38. axb4 Kf6 39. Rf4+ Kg7 40. Rg4
Kh6 41. Rf4 Ra3 42. Rf6 Rxe3 43. Rxc6 Rd3 44. h5 Kxh5 45. Re6 Rxd4 46. c6 Rxb4
47. Re5+ Kg4 48. Rxd5 Rc4 0-1

[Event "Zonal 2.4 Brasil 2011"]
[Site "Rio de Janeiro BRA"]
[Date "2011.06.23"]
[Round "6.8"]
[White "Zambrana, Oswaldo"]
[Black "Santiago, Yago De Moura"]
[Result "0-1"]
[WhiteElo "2514"]
[BlackElo "2238"]
[PlyCount "162"]
[EventDate "2011.06.18"]
[EventType "swiss"]
[EventRounds "9"]
[EventCountry "BRA"]
[Source "lmi"]
[SourceDate "2011.06.18"]

1. e4 c5 2. Nf3 d6 3. d4 cxd4 4. Nxd4 Nf6 5. Nc3 a6 6. Bg5 e6 7. f4 Nbd7 8. Qf3
Qc7 9. O-O-O b5 10. Bd3 Bb7 11. Rhe1 Qb6 12. Nce2 Rc8 13. Kb1 Be7 14. g4 h6 15.
Bh4 Nc5 16. Ng3 Nxd3 17. Qxd3 g5 18. fxg5 Nxg4 19. g6 Bxh4 20. gxf7+ Kd7 21.
Qb3 Rc4 22. Nxe6 Kxe6 23. Qf3 Ne5 24. f8=Q Nxf3 25. Qxh8 Nxe1 26. Qe8+ Be7 27.
Nf5 Qd8 28. Qg6+ Kd7 29. Nxd6 Kc7 30. Ne8+ Kb8 31. Rxd8+ Bxd8 32. Qd6+ Bc7 33.
Nxc7 Rxc7 34. e5 Nxc2 35. a3 Ne3 36. Qd8+ Bc8 37. e6 Nf5 38. Qd5 Ne7 39. Qd6
Kb7 40. Qe5 Rc6 41. Qg7 Rxe6 42. Kc2 Kc7 43. Qg3+ Kc6 44. Qc3+ Kd6 45. Qg3+ Re5
46. Qg7 h5 47. Qf6+ Be6 48. Qf8 Bf5+ 49. Kd2 Kc7 50. Qh6 Bg6 51. Qf4 Nc6 52.
Qg3 Bf5 53. Qg7+ Bd7 54. Qg3 a5 55. Qf4 a4 56. Qg3 Kd6 57. Qf4 Nd8 58. Qf8+ Kc7
59. Qf4 Nc6 60. Qg3 Kd6 61. Qf4 Ne7 62. Qf6+ Be6 63. Qf8 Bf5 64. Qf6+ Re6 65.
Qh8 Nc6 66. Qf8+ Ne7 67. Qh8 Bg6 68. Qb8+ Kc5 69. Qa7+ Kc4 70. Qd7 Bf5 71. Qc7+
Nc6 72. Qf4+ Nd4 73. Qc7+ Kd5 74. Qb7+ Ke5 75. Qc7+ Ke4 76. Qb7+ Kf4 77. Qc7+
Re5 78. Qd6 Nf3+ 79. Kc3 h4 80. Kb4 Nxh2 81. Qh6+ Kg3 0-1

[Event "Zonal 2.4 Brasil 2011"]
[Site "Rio de Janeiro BRA"]
[Date "2011.06.23"]
[Round "6.9"]
[White "De Paiva, Pedro Henrique"]
[Black "Gonzalez, Bolivar Ribeiro"]
[Result "1-0"]
[WhiteElo "2239"]
[BlackElo "2317"]
[PlyCount "91"]
[EventDate "2011.06.18"]
[EventType "swiss"]
[EventRounds "9"]
[EventCountry "BRA"]
[Source "lmi"]
[SourceDate "2011.06.18"]

1. e4 c5 2. Nf3 d6 3. d4 cxd4 4. Nxd4 Nf6 5. Nc3 a6 6. Bg5 e6 7. f4 Qb6 8. Nb3
h6 9. Bxf6 gxf6 10. Qf3 Nc6 11. O-O-O Bd7 12. Kb1 Rc8 13. Qh5 Qe3 14. g3 b5 15.
Bh3 b4 16. Nd5 exd5 17. Bxd7+ Kxd7 18. Rhe1 Qb6 19. Qxf7+ Ne7 20. exd5 Kc7 21.
Nd4 Kb8 22. Ne6 Qf2 23. Nd4 Rc4 24. Qxf6 Rxd4 25. Qxh8 Rxd1+ 26. Rxd1 Ng6 27.
Qd4 Qxd4 28. Rxd4 a5 29. Re4 Ne7 30. Re6 Nc8 31. Rf6 Bg7 32. Rg6 Bf8 33. Rg8
Be7 34. Rh8 Kc7 35. Rxh6 Kb6 36. Rh8 Kc7 37. c4 bxc3 38. bxc3 Nb6 39. Rh5 Na4
40. Kc2 Kb6 41. Kb3 Nc5+ 42. Kc4 Na4 43. Rf5 Ka6 44. g4 Bd8 45. g5 Bb6 46. g6
1-0

[Event "Zonal 2.4 Brasil 2011"]
[Site "Rio de Janeiro BRA"]
[Date "2011.06.23"]
[Round "6.10"]
[White "Madeira, Wagner Martins"]
[Black "Aranha Filho, Alvaro Z"]
[Result "1/2-1/2"]
[WhiteElo "2210"]
[BlackElo "2302"]
[PlyCount "79"]
[EventDate "2011.06.18"]
[EventType "swiss"]
[EventRounds "9"]
[EventCountry "BRA"]
[Source "lmi"]
[SourceDate "2011.06.18"]

1. e4 c5 2. Nf3 Nc6 3. d4 cxd4 4. Nxd4 e6 5. Nxc6 bxc6 6. Bd3 e5 7. O-O Nf6 8.
c4 Bc5 9. Nd2 d6 10. Nb3 Bb6 11. c5 dxc5 12. Be3 c4 13. Bxc4 Qe7 14. Qe2 O-O
15. h3 Bxe3 16. Qxe3 Nh5 17. Rfc1 Nf4 18. Bf1 Qf6 19. Rc3 Rd8 20. Kh2 Bd7 21.
Rd1 Be8 22. Rxd8 Qxd8 23. Bc4 Qh4 24. Bf1 Qd8 25. Qc5 Ng6 26. g3 Qb6 27. h4 Rd8
28. Rd3 Rxd3 29. Bxd3 Nf8 30. Kg2 Qxc5 31. Nxc5 Nd7 32. Nxd7 Bxd7 33. b4 Be6
34. a3 Kf8 35. Kf3 Ke7 36. Ke3 Kd6 37. Kd2 c5 38. Kc3 cxb4+ 39. Kxb4 f6 40. Kb5
1/2-1/2

[Event "Zonal 2.4 Brasil 2011"]
[Site "Rio de Janeiro BRA"]
[Date "2011.06.23"]
[Round "6.11"]
[White "Espinoza, Palomino Willyam"]
[Black "Miranda Neto, Jayme Amorim"]
[Result "1/2-1/2"]
[WhiteElo "2295"]
[BlackElo "2070"]
[PlyCount "53"]
[EventDate "2011.06.18"]
[EventType "swiss"]
[EventRounds "9"]
[EventCountry "BRA"]
[Source "lmi"]
[SourceDate "2011.06.18"]

1. d4 d5 2. Nf3 e6 3. c4 Bb4+ 4. Nc3 Nf6 5. Qa4+ Nc6 6. Ne5 Bxc3+ 7. bxc3 Bd7
8. Nxd7 Qxd7 9. e3 O-O 10. Be2 Ne4 11. Qc2 Na5 12. c5 b5 13. f3 Nf6 14. O-O c6
15. a4 a6 16. e4 Qc7 17. Bg5 Nd7 18. Be7 Rfe8 19. Bd6 Qd8 20. Bd3 h6 21. Bg3
Nc4 22. Rfe1 Nf6 23. e5 Nh5 24. Bf2 Nf4 25. Bf1 Qg5 26. h4 Qg6 27. Qxg6 1/2-1/2

[Event "Zonal 2.4 Brasil 2011"]
[Site "Rio de Janeiro BRA"]
[Date "2011.06.23"]
[Round "6.12"]
[White "Borda, Alan"]
[Black "Cavalcanti, Francisco De Assis"]
[Result "0-1"]
[WhiteElo "2151"]
[BlackElo "2284"]
[PlyCount "162"]
[EventDate "2011.06.18"]
[EventType "swiss"]
[EventRounds "9"]
[EventCountry "BRA"]
[Source "lmi"]
[SourceDate "2011.06.18"]

1. d4 Nf6 2. Bg5 e6 3. c4 h6 4. Bxf6 Bb4+ 5. Nc3 Qxf6 6. Nf3 Bxc3+ 7. bxc3 d6
8. e3 O-O 9. Bd3 e5 10. h3 Re8 11. Qc2 Nc6 12. d5 Ne7 13. Nd2 Bf5 14. Bxf5 Nxf5
15. O-O Qg6 16. Qe4 Ne7 17. Qxg6 Nxg6 18. e4 Nf4 19. Rfe1 Nd3 20. Re2 a5 21.
Nf1 Nc5 22. f3 g6 23. Ne3 Kg7 24. g4 Rh8 25. Rb1 h5 26. Rbb2 b6 27. Rh2 a4 28.
a3 Nd3 29. Rbd2 Nc5 30. Rb2 Nb3 31. Kh1 Ra5 32. Kg1 Raa8 33. Kh1 Ra7 34. Kg1
Raa8 35. Nf1 Kf6 36. Kg2 hxg4 37. hxg4 Rxh2+ 38. Nxh2 Kg5 39. Kg3 f5 40. exf5
gxf5 41. gxf5 Kxf5 42. Re2 Rg8+ 43. Ng4 Nc5 44. Rh2 Rg7 45. Rh6 Kg5 46. Rh8 Nd3
47. Ra8 Nc5 48. Rh8 Kg6 49. Ra8 Kf7 50. Rc8 Kg6 51. Ra8 Re7 52. Nf2 Rg7 53. Ng4
Rf7 54. Rg8+ Kh7 55. Ra8 e4 56. fxe4 Nxe4+ 57. Kg2 Nxc3 58. Kg3 Ne4+ 59. Kg2
Nc5 60. Kg3 Kg7 61. Ne3 Kf6 62. Re8 Re7 63. Rxe7 Kxe7 64. Nc2 Nd3 65. Ne3 Kf6
66. Kf3 Ke5 67. Ke2 Nc5 68. Nc2 Ke4 69. Kd2 b5 70. Kc3 bxc4 71. Kxc4 Nd7 72.
Nb4 Nb6+ 73. Kb5 Nxd5 74. Kxa4 Nxb4 75. Kxb4 Kd3 76. a4 c5+ 77. Kb5 c4 78. a5
c3 79. a6 c2 80. a7 c1=Q 81. a8=Q Qb2+ 0-1

[Event "Zonal 2.4 Brasil 2011"]
[Site "Rio de Janeiro BRA"]
[Date "2011.06.23"]
[Round "6.13"]
[White "Brito, Luismar"]
[Black "Cuellar, Diego"]
[Result "1/2-1/2"]
[WhiteElo "2277"]
[BlackElo "2124"]
[PlyCount "56"]
[EventDate "2011.06.18"]
[EventType "swiss"]
[EventRounds "9"]
[EventCountry "BRA"]
[Source "lmi"]
[SourceDate "2011.06.18"]

1. Nc3 e5 2. Nf3 Nc6 3. d4 exd4 4. Nxd4 Nf6 5. e4 Bb4 6. Nxc6 bxc6 7. Bd3 d5 8.
exd5 cxd5 9. O-O O-O 10. Bg5 c6 11. Qf3 Be7 12. Rfe1 h6 13. Bf4 Be6 14. h3 a5
15. Rad1 a4 16. a3 Qb6 17. Bc1 c5 18. Bf5 d4 19. Ne4 Bxf5 20. Qxf5 Nxe4 21.
Rxe4 Bf6 22. Rg4 Kh8 23. Re4 Rfb8 24. Rde1 c4 25. Bxh6 gxh6 26. Re6 fxe6 27.
Qxf6+ Kh7 28. Qf7+ Kh8 1/2-1/2

[Event "Zonal 2.4 Brasil 2011"]
[Site "Rio de Janeiro BRA"]
[Date "2011.06.23"]
[Round "6.15"]
[White "Abdalla, Luiz Guilherme Aure"]
[Black "Pluschkat, Gustavo Ranulpho"]
[Result "0-1"]
[WhiteElo "2289"]
[BlackElo "1942"]
[PlyCount "88"]
[EventDate "2011.06.18"]
[EventType "swiss"]
[EventRounds "9"]
[EventCountry "BRA"]
[Source "lmi"]
[SourceDate "2011.06.18"]

1. d4 Nf6 2. Nf3 g6 3. c4 Bg7 4. Nc3 d6 5. e4 O-O 6. Be2 Nbd7 7. O-O c5 8. d5
Rb8 9. Ne1 a6 10. a4 Qc7 11. Be3 Kh8 12. f4 Rg8 13. Nd3 Nb6 14. Nf2 Nh5 15. g4
Bxc3 16. bxc3 Ng7 17. Kh1 a5 18. Nh3 f6 19. f5 Nd7 20. fxg6 Ne5 21. gxh7 Kxh7
22. Qe1 Rh8 23. Qg3 Kg8 24. Nf4 Qd7 25. Rg1 Qe8 26. Nh5 Qg6 27. Qg2 Rh7 28. Nf4
Qg5 29. Qg3 Kf7 30. Nd3 Qg6 31. Nxe5+ dxe5 32. Qg2 Bd7 33. Rgb1 Rbh8 34. Bg1
Bc8 35. Rb5 Rh4 36. Rxc5 Bxg4 37. Re1 Nh5 38. Be3 Ng3+ 39. Qxg3 Bf3+ 40. Kg1
Rg4 41. Bf2 Rxh2 42. Bxf3 Rxg3+ 43. Kxh2 Rxf3 44. Re2 Qg4 0-1

[Event "Zonal 2.4 Brasil 2011"]
[Site "Rio de Janeiro BRA"]
[Date "2011.06.23"]
[Round "6.17"]
[White "Da Silva, Wagner Jose"]
[Black "Bil, Angelo"]
[Result "1-0"]
[WhiteElo "1828"]
[BlackElo "2104"]
[PlyCount "73"]
[EventDate "2011.06.18"]
[EventType "swiss"]
[EventRounds "9"]
[EventCountry "BRA"]
[Source "lmi"]
[SourceDate "2011.06.18"]

1. e4 c5 2. Nf3 Nc6 3. d4 cxd4 4. Nxd4 Nf6 5. Nc3 e5 6. Ndb5 d6 7. Bg5 a6 8.
Bxf6 gxf6 9. Na3 b5 10. Nd5 Bg7 11. c3 f5 12. exf5 Bxf5 13. Nc2 Be6 14. Nce3
O-O 15. Bd3 f5 16. Bc2 Rb8 17. Qh5 Qd7 18. g4 e4 19. Nf4 Bf7 20. Qxf5 Qxf5 21.
gxf5 Be5 22. Ne6 Bxe6 23. fxe6 Rf4 24. Nd5 Rh4 25. O-O-O Kf8 26. Rde1 Ne7 27.
Rxe4 Rxh2 28. Rxh2 Bxh2 29. Nf6 Kg7 30. Nd7 Rh8 31. Rh4 Be5 32. f4 Ng6 33. Bxg6
Kxg6 34. fxe5 dxe5 35. e7 Kf7 36. Nxe5+ Kxe7 37. Ng6+ 1-0

[Event "Zonal 2.4 Brasil 2011"]
[Site "Rio de Janeiro BRA"]
[Date "2011.06.23"]
[Round "6.18"]
[White "Maia Jose, Eduardo Bastos O"]
[Black "Souza, Marcos Valerio A"]
[Result "1-0"]
[WhiteElo "2127"]
[BlackElo "2097"]
[PlyCount "77"]
[EventDate "2011.06.18"]
[EventType "swiss"]
[EventRounds "9"]
[EventCountry "BRA"]
[Source "lmi"]
[SourceDate "2011.06.18"]

1. d4 g6 2. c4 Nf6 3. Nc3 Bg7 4. e4 d6 5. Bd3 O-O 6. Nge2 Nc6 7. O-O Nh5 8. Be3
e5 9. d5 Ne7 10. Rc1 f5 11. exf5 gxf5 12. f4 Ng6 13. fxe5 dxe5 14. Ng3 Nxg3 15.
hxg3 e4 16. Be2 Be5 17. Qe1 c6 18. c5 Kh8 19. Bc4 Qc7 20. d6 Qd8 21. Qd2 Bd7
22. Ne2 Qf6 23. Bg5 Qg7 24. Bh6 Qf6 25. Bg5 Qg7 26. Rc2 h5 27. Rd1 Rfe8 28. Nf4
Nxf4 29. Bxf4 Kh7 30. Kf2 e3+ 31. Qxe3 Bxd6 32. Qf3 Bxf4 33. Qxf4 Rad8 34. Rcd2
Re4 35. Qc7 Kh6 36. Rxd7 Rxd7 37. Rxd7 Qxb2+ 38. Kg1 Qf6 39. Rd6 1-0

[Event "Zonal 2.4 Brasil 2011"]
[Site "Rio de Janeiro BRA"]
[Date "2011.06.23"]
[Round "6.19"]
[White "Cuellar, Ulises"]
[Black "Mascarenhas, Alberto Pinheiro"]
[Result "0-1"]
[WhiteElo "1994"]
[BlackElo "2240"]
[PlyCount "74"]
[EventDate "2011.06.18"]
[EventType "swiss"]
[EventRounds "9"]
[EventCountry "BRA"]
[Source "lmi"]
[SourceDate "2011.06.18"]

1. e4 c5 2. Nc3 a6 3. g3 Nc6 4. Bg2 g6 5. d3 Bg7 6. Nh3 d6 7. O-O e6 8. f4 Nge7
9. Be3 Nd4 10. Rf2 Rb8 11. Nb1 e5 12. c3 exf4 13. gxf4 Ndc6 14. Nd2 f5 15. Qb3
Na5 16. Qc2 O-O 17. Rd1 Qc7 18. Ng5 h6 19. Ngf3 b5 20. e5 Nd5 21. exd6 Qxd6 22.
Nf1 Nxf4 23. b4 Nb7 24. Qb3+ Ne6 25. Nh4 Kh7 26. Ng3 cxb4 27. Ngxf5 gxf5 28.
Nxf5 Qd7 29. Be4 Kh8 30. Nh4 Rxf2 31. Bxf2 bxc3 32. Ng6+ Kg8 33. Bg3 Nbc5 34.
Qd5 Rb6 35. Qf5 Nxe4 36. Qxe4 Bb7 37. Qe3 Bd4 0-1

[Event "Zonal 2.4 Brasil 2011"]
[Site "Rio de Janeiro BRA"]
[Date "2011.06.23"]
[Round "6.20"]
[White "Souza, Neves Andrey M"]
[Black "Rodrigues, Nei Jorge"]
[Result "1-0"]
[WhiteElo "2094"]
[BlackElo "2029"]
[PlyCount "121"]
[EventDate "2011.06.18"]
[EventType "swiss"]
[EventRounds "9"]
[EventCountry "BRA"]
[Source "lmi"]
[SourceDate "2011.06.18"]

1. Nf3 c5 2. c4 Nc6 3. Nc3 g6 4. e3 Bg7 5. d4 Nf6 6. Be2 b6 7. O-O d6 8. b3 O-O
9. Bb2 Bd7 10. d5 Nb4 11. a3 Na6 12. Nd2 Nc7 13. Qc2 Rb8 14. b4 e6 15. dxe6
fxe6 16. e4 e5 17. Nb5 a6 18. Nxc7 Qxc7 19. Bc3 Be6 20. Rad1 b5 21. bxc5 dxc5
22. Qb2 bxc4 23. Qa1 Nh5 24. Bxc4 Qf7 25. Qa2 Nf4 26. Bxe6 Qxe6 27. Qxe6+ Nxe6
28. Rb1 Nf4 29. Rxb8 Rxb8 30. Rb1 Rb5 31. Kf1 Ne6 32. a4 Rxb1+ 33. Nxb1 Kf7 34.
Ke1 Nd8 35. Na3 Ke6 36. Ke2 Bf8 37. Nc4 Nc6 38. Kd3 Be7 39. Na5 Nb8 40. Nb7 Nd7
41. Ba5 g5 42. Bc7 g4 43. Kc4 h5 44. f3 gxf3 45. gxf3 h4 46. h3 Nf6 47. Nxc5+
Bxc5 48. Kxc5 Nh5 49. Bd8 Nf4 50. Bxh4 Nxh3 51. Kb6 a5 52. Kxa5 Ng1 53. Kb6 Kd7
54. Kb7 Nxf3 55. a5 Nd2 56. a6 Nxe4 57. a7 Nd6+ 58. Ka6 Ne8 59. Kb7 Nd6+ 60.
Kb8 Nf5 61. a8=Q 1-0

[Event "Zonal 2.4 Brasil 2011"]
[Site "Rio de Janeiro BRA"]
[Date "2011.06.23"]
[Round "6.21"]
[White "Dos Santos Jr, Braulio"]
[Black "Mariano, Marceley Martins"]
[Result "0-1"]
[WhiteElo "2016"]
[BlackElo "2043"]
[PlyCount "72"]
[EventDate "2011.06.18"]
[EventType "swiss"]
[EventRounds "9"]
[EventCountry "BRA"]
[Source "lmi"]
[SourceDate "2011.06.18"]

1. e4 c5 2. Nf3 d6 3. c3 Nf6 4. g3 Nc6 5. d3 g6 6. Bg2 Bg7 7. O-O O-O 8. a3 Rb8
9. Re1 b5 10. b4 a5 11. bxc5 dxc5 12. d4 Bg4 13. e5 Nd5 14. h3 Bxf3 15. Qxf3 e6
16. Bb2 Qb6 17. Qd1 Rfd8 18. f4 Nde7 19. Re4 cxd4 20. cxd4 Nf5 21. Kh2 Nfxd4
22. Ra2 Nf5 23. Qe1 Rd7 24. Bc3 Rbd8 25. Rd2 Rxd2 26. Nxd2 Bf8 27. g4 Nfe7 28.
h4 Nd5 29. Bb2 Bc5 30. h5 Ne3 31. hxg6 hxg6 32. f5 gxf5 33. gxf5 Nxf5 34. Rg4+
Kf8 35. Be4 Ne3 36. Nf3 Nxg4+ 0-1

[Event "Zonal 2.4 Brasil 2011"]
[Site "Rio de Janeiro BRA"]
[Date "2011.06.23"]
[Round "6.22"]
[White "Suasnabar, Jesus"]
[Black "Pereira, Celio Antunes"]
[Result "1-0"]
[WhiteElo "1983"]
[BlackElo "2039"]
[PlyCount "41"]
[EventDate "2011.06.18"]
[EventType "swiss"]
[EventRounds "9"]
[EventCountry "BRA"]
[Source "lmi"]
[SourceDate "2011.06.18"]

1. e4 c5 2. c3 e6 3. d4 d5 4. exd5 Qxd5 5. Nf3 Nc6 6. Bd3 cxd4 7. cxd4 Bb4+ 8.
Nc3 Nf6 9. O-O Qd8 10. Bc2 O-O 11. Qd3 g6 12. a3 Be7 13. Bb3 e5 14. d5 Bf5 15.
Qd1 Nd4 16. Nxd4 exd4 17. Qxd4 a6 18. Bh6 Re8 19. Rfe1 Bf8 20. Rxe8 Nxe8 21.
Bxf8 1-0

[Event "Zonal 2.4 Brasil 2011"]
[Site "Rio de Janeiro BRA"]
[Date "2011.06.23"]
[Round "6.23"]
[White "Silva, Marcelo Dos Santos"]
[Black "Chiari, Arthur Gontijo"]
[Result "0-1"]
[WhiteElo "2038"]
[BlackElo "2016"]
[PlyCount "58"]
[EventDate "2011.06.18"]
[EventType "swiss"]
[EventRounds "9"]
[EventCountry "BRA"]
[Source "lmi"]
[SourceDate "2011.06.18"]

1. c4 Nf6 2. Nc3 e6 3. d4 Bb4 4. Qc2 c5 5. e3 O-O 6. Nf3 b6 7. g3 Bb7 8. Bg2
cxd4 9. exd4 Qc7 10. O-O Qxc4 11. Qa4 Bc6 12. Ne5 Qxf1+ 13. Kxf1 Bxa4 14. Bxa8
Bxc3 15. bxc3 d6 16. Nd3 Bb5 17. Ke2 d5 18. a4 Bc4 19. a5 Ne4 20. axb6 Nxc3+
21. Ke3 axb6 22. Bd2 Ne4 23. Bb4 Rd8 24. Ne5 Ba6 25. f3 Nd6 26. Bxd6 Rxd6 27.
f4 f6 28. Nf3 Rd7 29. Rc1 Ra7 0-1

[Event "Zonal 2.4 Brasil 2011"]
[Site "Rio de Janeiro BRA"]
[Date "2011.06.24"]
[Round "7.1"]
[White "Fier, Alexandr"]
[Black "Cordova, Emilio"]
[Result "1-0"]
[WhiteElo "2560"]
[BlackElo "2561"]
[PlyCount "109"]
[EventDate "2011.06.18"]
[EventType "swiss"]
[EventRounds "9"]
[EventCountry "BRA"]
[Source "lmi"]
[SourceDate "2011.06.18"]

1. e4 e6 2. d4 d5 3. Nc3 Nf6 4. Bg5 dxe4 5. Nxe4 Nbd7 6. Nf3 h6 7. Nxf6+ Nxf6
8. Be3 Nd5 9. Bd2 c5 10. c4 Nf6 11. Bc3 Ne4 12. Bd3 Nxc3 13. bxc3 cxd4 14. cxd4
Bb4+ 15. Ke2 Bc3 16. Rb1 Bxd4 17. Be4 Bf6 18. Bxb7 Bxb7 19. Qa4+ Qd7 20. Qxd7+
Kxd7 21. Rxb7+ Kc6 22. Rxf7 Rhb8 23. Rd1 e5 24. Rd2 Rb4 25. Rc2 Kd6 26. c5+ Kc6
27. Nd2 e4 28. Nc4 a5 29. Ke3 a4 30. Kxe4 a3 31. Kd3 Rd8+ 32. Nd6 Ra8 33. Nc4
Rd8+ 34. Ke2 Re8+ 35. Kd2 Rd8+ 36. Nd6 Ra8 37. g3 Rb2 38. Ne4 Bd4 39. Re7 Ra4
40. Kd3 Rxc2 41. Kxc2 Rb4 42. Kd3 Ba1 43. Re6+ Kc7 44. Ra6 Bb2 45. Nd6 Rd4+ 46.
Ke3 Rb4 47. Nf5 Rb5 48. Nd4 Rb4 49. Ra7+ Kc8 50. Ne6 Rc4 51. Kd3 Rc1 52. Ke4
Kb8 53. Rf7 Rc2 54. Kd5 Bf6 55. Kc6 1-0